000 00726nam a22002297a 4500
008 150921b xxu||||| |||| 00| 0 eng d
020 _a9780071752633
041 0 _aeng
080 _a658.8
100 1 _aMacy, Beverly.
245 1 4 _aThe power of real-time social media marketing :
_cby Beverly Macy, Teri Thompson.
260 _aNew York :
_bMcGraw-Hill,
_c2011.
300 _axxii, 244 f. :
_bme il.;
_c24 cm.
500 _a Preface: f. XV-XVII
505 _aIndex: f. 237-244
650 0 _aMarketing
650 0 _aInternet
650 0 _aMediat
650 0 _aSociale
700 1 _aThompson, Teri.
942 _2udc
_cBK
999 _c1145
_d1145